El burlador que no se burla
Wedi'i Gadw mewn:
| Prif Awdur: | |
|---|---|
| Fformat: | Llyfr |
| Iaith: | Sbaeneg |
| Cyhoeddwyd: |
Madrid
Mundo Latino
1930
|
| Pynciau: | |
| Tagiau: |
Ychwanegu Tag
Dim Tagiau, Byddwch y cyntaf i dagio'r cofnod hwn!
|
MARC
| LEADER | 00000nam a2200000 a 4500 | ||
|---|---|---|---|
| 001 | UCZ7285 | ||
| 003 | CL-VaPUC | ||
| 008 | 951228e19300000SP |||||||||||||||||spa|d | ||
| 082 | 0 | 4 | |a 862 |b GRA |2 21 |
| 100 | |a Grau, Jacinto |e author |9 419618 | ||
| 245 | 1 | 3 | |a El burlador que no se burla |
| 300 | |a 321 p | ||
| 942 | |c BK | ||
| 945 | |d 19951228 00:00:00 |a rleighto | ||
| 260 | |a Madrid |b Mundo Latino |c 1930 | ||
| 650 | 0 | |a Dramas españoles |9 267081 | |
| 583 | |a last modification |c 19951228 00:00:00 |k Rodrigo Vera | ||
| 999 | |c 243384 |d 243382 | ||
| 952 | |0 0 |1 0 |4 0 |6 862_000000000000000_GRA_1930 |7 0 |8 A |9 256984 |a BIBEDU |b BIBEDU |d 2019-11-19 |i 3166147 |o 862 GRA 1930 |p 3166147 |r 2019-11-19 |w 2019-11-19 |y BK |k LIT | ||